Statistics for NBA Players by Letter - I

Click here to take the quiz!

General Stats

  • This quiz has been taken 21 times
  • The average score is 5 of 8

Answer Stats

TeamAnswer% Correct
NetsKyrie Irving
94%
GrizzliesAndre Iguodala
81%
PelicansBrandon Ingram
69%
JazzJoe Ingles
69%
BucksErsan Ilyasova
63%
RaptorsSerge Ibaka
56%
MagicJonathan Isaac
44%
MagicWes Iwundu
13%

Score Distribution

Percentile by Number Answered

Percent of People with Each Score

Your Score History

You have not taken this quiz